[Event "Rilsk"]
[Site "Rilsk"]
[Date "2017.01.23"]
[Round "6"]
[White "Gavritenkov, Sergei"]
[Black "Sadikhov, Ulvi Ramil Oglu"]
[Result "0-1"]
[WhiteElo "2429"]
[BlackElo "2422"]
[PlyCount "76"]
[EventDate "2017.01.20"]
[EventType "tourn"]
[EventRounds "13"]
[EventCountry "RUS"]
[EventCategory "7"]
[SourceTitle "EXT 2018"]
[Source "ChessBase"]
[SourceDate "2017.10.13"]
[SourceVersion "1"]
[SourceVersionDate "2017.10.13"]
[SourceQuality "1"]

1. d4 Nf6 2. c4 e6 3. Nf3 d5 4. Nc3 c6 5. e3 Nbd7 6. Qc2 Bd6 7. Bd3 0-0 8. 0-0 dxc4 9. Bxc4 b5 10. Be2 Bb7 11. Rd1 Qc7 12. e4 e5 13. g3 Rfe8 14. a3 a6 15. dxe5 Nxe5 16. Bg5 Nxf3+ 17. Bxf3 Be5 18. Bg2 c5 19. Bxf6 Bxf6 20. Rac1 c4 21. Nd5 Bxd5 22. exd5 Qd6 23. Re1 g6 24. Qd2 h5 25. h4 Kg7 26. Bf3 Rxe1+ 27. Rxe1 Rc8 28. Rc1 c3 29. Qe1 c2 30. Qd2 Bxb2 31. Rxc2 Rxc2 32. Qxc2 Qxa3 33. Kg2 Be5 34. Be2 Qb4 35. Qc6 Qd2 36. Kf1 b4 37. Bxa6 Bd4 38. Be2 b3 0-1

[Event "Tula Rjazanov Memorial"]
[Site "Tula"]
[Date "2016.02.14"]
[Round "9"]
[White "Moiseenko, Vladimir"]
[Black "Gavritenkov, Sergei"]
[Result "0-1"]
[WhiteElo "2115"]
[BlackElo "2412"]
[PlyCount "102"]
[EventDate "2016.02.05"]
[EventType "swiss"]
[EventRounds "9"]
[EventCountry "RUS"]
[SourceTitle "CBM 171 Extra"]
[Source "ChessBase"]
[SourceDate "2016.04.26"]
[SourceVersion "1"]
[SourceVersionDate "2016.04.26"]
[SourceQuality "1"]

1. d4 Nf6 2. Nf3 g6 3. Bf4 Bg7 4. h3 0-0 5. e3 b6 6. Be2 Bb7 7. 0-0 d6 8. c3 Nbd7 9. Nbd2 c5 10. Bh2 a6 11. Rc1 Rc8 12. Re1 Re8 13. Nc4 b5 14. Ncd2 Qb6 15. Qb3 e6 16. a4 Bc6 17. axb5 axb5 18. Ra1 d5 19. Bd6 c4 20. Qb4 Ra8 21. b3 Qb7 22. bxc4 bxc4 23. Qxb7 Bxb7 24. Rab1 Bc6 25. Ne5 Nxe5 26. Bxe5 Nd7 27. Bg3 Ra2 28. Nf3 Rea8 29. Bf1 f6 30. Rec1 Kf7 31. Rd1 Bf8 32. Rdc1 h6 33. h4 g5 34. hxg5 hxg5 35. Nh2 Ba3 36. Rd1 Bb2 37. Ng4 Bxc3 38. e4 Ra1 39. Ne3 Rxb1 40. Rxb1 Bxd4 41. exd5 exd5 42. Rd1 Bxe3 43. fxe3 Ra3 44. Bf2 Nc5 45. Rb1 Ne4 46. g4 Ke6 47. Rb6 Ra1 48. Rxc6+ Kd7 49. Rb6 c3 50. Kg2 Rxf1 51. Kxf1 c2 0-1

[Event "Tula Rjazanov Memorial"]
[Site "Tula"]
[Date "2016.02.07"]
[Round "2"]
[White "Gavritenkov, Sergei"]
[Black "Shkurkin, Andrey"]
[Result "1-0"]
[WhiteElo "2412"]
[BlackElo "2223"]
[PlyCount "73"]
[EventDate "2016.02.05"]
[EventType "swiss"]
[EventRounds "9"]
[EventCountry "RUS"]
[SourceTitle "CBM 171 Extra"]
[Source "ChessBase"]
[SourceDate "2016.04.26"]
[SourceVersion "1"]
[SourceVersionDate "2016.04.26"]
[SourceQuality "1"]

1. e4 c5 2. Nf3 e6 3. c3 Nf6 4. e5 Nd5 5. d4 cxd4 6. cxd4 d6 7. a3 dxe5 8. dxe5 Be7 9. Bd3 Nc6 10. 0-0 Qc7 11. Re1 Bd7 12. Nbd2 h6 13. b4 0-0 14. Bb2 Rac8 15. Rc1 Qb8 16. g3 Rfd8 17. Ne4 Bf8 18. Bb1 Be8 19. Qd3 g6 20. Qe2 Bg7 21. Nd6 Nxe5 22. Bxe5 Rxc1 23. Rxc1 Bxe5 24. Nxf7 Kxf7 25. Nxe5+ Kg7 26. Ng4 h5 27. Qb2+ Kh7 28. Nf6+ Nxf6 29. Qxf6 Qd6 30. Re1 Qd2 31. Rxe6 Qd1+ 32. Kg2 Bc6+ 33. Rxc6 Qd5+ 34. Kh3 Qxc6 35. Qxd8 Qe6+ 36. Kg2 Qc6+ 37. f3 1-0

[Event "Tula Efremenkov Memorial"]
[Site "Tula"]
[Date "2015.01.24"]
[Round "12"]
[White "Domogaev, Sergey"]
[Black "Gavritenkov, Sergei"]
[Result "1/2-1/2"]
[WhiteElo "2443"]
[BlackElo "2410"]
[PlyCount "53"]
[EventDate "2015.01.14"]
[EventType "tourn"]
[EventRounds "13"]
[EventCountry "RUS"]
[EventCategory "2"]
[SourceTitle "CBM 164 Extra"]
[Source "ChessBase"]
[SourceDate "2015.03.02"]
[SourceVersion "1"]
[SourceVersionDate "2015.03.02"]
[SourceQuality "1"]

1. e4 e6 2. d4 d5 3. e5 c5 4. c3 Nc6 5. Nf3 Qb6 6. a3 c4 7. Nbd2 Na5 8. Be2 Bd7 9. 0-0 Ne7 10. Rb1 Qc7 11. Re1 Nc8 12. Nf1 Nb6 13. Bf4 Nb3 14. N3d2 Ba4 15. Nxb3 Bxb3 16. Qd2 h6 17. h3 a5 18. Bd1 a4 19. Bh5 Nc8 20. Qe2 Qd7 21. Bc1 b5 22. Ne3 g6 23. Bf3 h5 24. Ra1 Be7 25. Nf1 Qd8 26. Bf4 Nb6 27. Qd2 1/2-1/2

[Event "Tula Efremenkov Memorial"]
[Site "Tula"]
[Date "2015.01.20"]
[Round "8"]
[White "Gavritenkov, Sergei"]
[Black "Tishin, Petr"]
[Result "1/2-1/2"]
[WhiteElo "2410"]
[BlackElo "2401"]
[PlyCount "52"]
[EventDate "2015.01.14"]
[EventType "tourn"]
[EventRounds "13"]
[EventCountry "RUS"]
[EventCategory "2"]
[SourceTitle "CBM 164 Extra"]
[Source "ChessBase"]
[SourceDate "2015.03.02"]
[SourceVersion "1"]
[SourceVersionDate "2015.03.02"]
[SourceQuality "1"]

1. b4 e5 2. Bb2 Bxb4 3. Bxe5 Nf6 4. c4 0-0 5. e3 d5 6. Nf3 Re8 7. cxd5 Nxd5 8. Qb3 Nc6 9. Bb2 Bf8 10. a3 Bf5 11. Nc3 Nxc3 12. Bxc3 Rb8 13. Bc4 Qd7 14. 0-0 b5 15. Be2 Bd3 16. Bxd3 Qxd3 17. Qb1 Qxb1 18. Rfxb1 a5 19. Rc1 Rb7 20. d4 b4 21. Bb2 Nb8 22. axb4 axb4 23. Ra8 Re6 24. Nd2 Ra6 25. Rxa6 Nxa6 26. Kf1 c5 1/2-1/2

[Event "Tula Efremenkov Memorial"]
[Site "Tula"]
[Date "2015.01.17"]
[Round "5"]
[White "Sosulin, Eduard"]
[Black "Gavritenkov, Sergei"]
[Result "1/2-1/2"]
[WhiteElo "2342"]
[BlackElo "2410"]
[PlyCount "54"]
[EventDate "2015.01.14"]
[EventType "tourn"]
[EventRounds "13"]
[EventCountry "RUS"]
[EventCategory "2"]
[SourceTitle "CBM 164 Extra"]
[Source "ChessBase"]
[SourceDate "2015.03.02"]
[SourceVersion "1"]
[SourceVersionDate "2015.03.02"]
[SourceQuality "1"]

1. d4 Nf6 2. c4 g6 3. Nc3 Bg7 4. Nf3 d6 5. e4 0-0 6. Be2 e5 7. d5 a5 8. Bg5 Na6 9. 0-0 h6 10. Bh4 Qe8 11. Nd2 Nh7 12. a3 Bd7 13. b3 h5 14. Nf3 Bf6 15. Bxf6 Nxf6 16. h3 Qc8 17. Re1 Nc5 18. Bf1 b6 19. Qc2 Qd8 20. b4 Nb7 21. Ra2 Qe7 22. Rea1 Nh7 23. Qd3 Kg7 24. Qe3 Nf6 25. Qd3 Nh7 26. Qe3 Nf6 27. Qd3 Nh7 1/2-1/2

[Event "Tula 12"]
[Site "Tula"]
[Date "2010.12.10"]
[Round "13"]
[White "Moiseev, Viktor"]
[Black "Gavritenkov, Sergei"]
[Result "1/2-1/2"]
[WhiteElo "2414"]
[BlackElo "2412"]
[PlyCount "78"]
[EventDate "2010.12.03"]
[EventType "tourn"]
[EventRounds "13"]
[EventCountry "RUS"]
[EventCategory "6"]
[SourceTitle "CBM 140 Extra"]
[Source "ChessBase"]
[SourceDate "2011.03.01"]
[SourceVersion "1"]
[SourceVersionDate "2011.03.01"]
[SourceQuality "1"]

1. e4 d6 2. d4 Nf6 3. Nc3 g6 4. Nf3 Bg7 5. Be2 0-0 6. 0-0 Bg4 7. Be3 Nc6 8. d5 Bxf3 9. Bxf3 Ne5 10. Be2 c6 11. f4 Ned7 12. Bf3 a5 13. Qd2 cxd5 14. exd5 Rc8 15. Bd4 Nc5 16. Rfe1 Nfd7 17. Rad1 Bxd4+ 18. Qxd4 Nf6 19. a3 Re8 20. Re3 Qb6 21. b3 Ncd7 22. Qxb6 Nxb6 23. Kf2 h5 24. Rd4 Rc5 25. Ke1 Rec8 26. Rdd3 Kf8 27. a4 Ke8 28. g3 Kd7 29. Kd2 Na8 30. h4 Nc7 31. Ne4 Nxe4+ 32. Bxe4 Na6 33. c3 R5c7 34. c4 Nc5 35. Rc3 Ke8 36. Bg2 Kf8 37. Re2 Kg7 38. Rce3 Kf6 39. Kc3 b6 1/2-1/2

[Event "Tula 12"]
[Site "Tula"]
[Date "2010.12.05"]
[Round "5"]
[White "Gavritenkov, Sergei"]
[Black "Domogaev, Sergey"]
[Result "0-1"]
[WhiteElo "2412"]
[BlackElo "2365"]
[PlyCount "140"]
[EventDate "2010.12.03"]
[EventType "tourn"]
[EventRounds "13"]
[EventCountry "RUS"]
[EventCategory "6"]
[SourceTitle "CBM 140 Extra"]
[Source "ChessBase"]
[SourceDate "2011.03.01"]
[SourceVersion "1"]
[SourceVersionDate "2011.03.01"]
[SourceQuality "1"]

1. d4 Nf6 2. c4 g6 3. Nc3 Bg7 4. e4 d6 5. Nf3 0-0 6. Be2 e5 7. 0-0 Na6 8. Be3 exd4 9. Nxd4 Nc5 10. f3 a5 11. b3 c6 12. Qc2 Bd7 13. Rad1 Qe7 14. Qd2 Rfd8 15. Rfe1 Ne8 16. Kh1 Nc7 17. Bg5 Bf6 18. Bxf6 Qxf6 19. Bf1 N7e6 20. Nxe6 Bxe6 21. Kg1 Rd7 22. Qe3 Qe5 23. Rd2 Re8 24. Red1 Red8 25. f4 Qg7 26. Be2 f6 27. Rd4 Qe7 28. Bf3 Kg7 29. Qd2 b6 30. Qe1 Re8 31. Qh4 Bf7 32. Qg3 Red8 33. R1d2 Ne6 34. R4d3 Nc5 35. Rd4 Kh8 36. Re2 Rg8 37. Rd1 h5 38. Red2 Kh7 39. Qf2 Rgd8 40. Qe3 g5 41. g3 Bg6 42. Rd4 g4 43. Be2 Re8 44. Bf1 f5 45. Qd2 fxe4 46. Rxd6 Red8 47. Rxd7 Rxd7 48. Qe2 Bf5 49. Rxd7 Qxd7 50. Qe3 Kg6 51. Bg2 Qe7 52. Bh1 Qg7 53. Bg2 Qf6 54. Bh1 h4 55. Bg2 h3 56. Bf1 Qd8 57. Qf2 Nd3 58. Qe3 Nb4 59. Qf2 c5 60. Nb5 Nc6 61. Qe1 Nd4 62. Qe3 Nf3+ 63. Kf2 Nxh2 64. Be2 Nf3 65. Qc1 Nd4 66. Bf1 Nxb5 67. cxb5 Qd4+ 68. Qe3 h2 69. Qxd4 cxd4 70. Kg2 d3 0-1

[Event "Tula 12"]
[Site "Tula"]
[Date "2010.12.04"]
[Round "2"]
[White "Kurilin, Alexander"]
[Black "Gavritenkov, Sergei"]
[Result "1/2-1/2"]
[WhiteElo "2299"]
[BlackElo "2412"]
[PlyCount "62"]
[EventDate "2010.12.03"]
[EventType "tourn"]
[EventRounds "13"]
[EventCountry "RUS"]
[EventCategory "6"]
[SourceTitle "CBM 140 Extra"]
[Source "ChessBase"]
[SourceDate "2011.03.01"]
[SourceVersion "1"]
[SourceVersionDate "2011.03.01"]
[SourceQuality "1"]

1. e4 e5 2. Nf3 Nc6 3. Bc4 Nf6 4. d3 Be7 5. 0-0 0-0 6. c3 a6 7. Bb3 d5 8. Nbd2 Be6 9. Qe2 Re8 10. Ng5 Bg4 11. Ndf3 Na5 12. h3 Nxb3 13. axb3 Bxf3 14. Nxf3 c6 15. Rd1 Qc7 16. Bd2 Bd6 17. Nh4 g6 18. Nf3 Nh5 19. b4 Nf4 20. Bxf4 exf4 21. Re1 dxe4 22. dxe4 Be5 23. Rad1 Rad8 24. Rxd8 Rxd8 25. Rd1 Rxd1+ 26. Qxd1 Kg7 27. Qd3 Bf6 28. Qe2 Be5 29. Nxe5 Qxe5 30. Qd3 h6 31. f3 c5 1/2-1/2

[Event "Tula Efremenkov Memorial"]
[Site "Tula"]
[Date "2000.02.??"]
[Round "4"]
[White "Selin, Oleg"]
[Black "Gavritenkov, Sergei"]
[Result "0-1"]
[WhiteElo "2440"]
[BlackElo "2350"]
[PlyCount "68"]
[EventDate "2000.02.??"]
[EventType "tourn"]
[EventRounds "14"]
[EventCountry "RUS"]
[EventCategory "4"]
[SourceTitle "EXT 2006"]
[Source "ChessBase"]
[SourceDate "2005.11.24"]
[SourceVersion "1"]
[SourceVersionDate "2005.11.24"]
[SourceQuality "1"]

1. d4 f5 2. Bg5 c6 3. Nf3 Qb6 4. Nbd2 Qxb2 5. e4 fxe4 6. Nxe4 d5 7. Nc5 e5 8. Nd3 Bb4+ 9. Nxb4 Qxb4+ 10. Bd2 Qe7 11. Nxe5 Nd7 12. f4 Nxe5 13. dxe5 Nh6 14. Qh5+ Nf7 15. Bd3 g6 16. Qe2 Qh4+ 17. g3 Qh3 18. Rb1 b6 19. c4 Be6 20. Qf3 0-0 21. Bf1 Qf5 22. Qd3 Nxe5 23. Qxf5 Bxf5 24. Rc1 Be4 25. fxe5 Bxh1 26. Bf4 Rae8 27. h4 Rf5 28. Kd2 Rfxe5 29. Bd3 dxc4 30. Bxe5 Rxe5 31. Bxg6 hxg6 32. Rxh1 Ra5 33. Kc3 Rxa2 34. Kxc4 Ra4+ 0-1

[Event "Tula-A"]
[Site "Tula"]
[Date "2000.??.??"]
[Round "6"]
[White "Afromeev, Vladimir"]
[Black "Gavritenkov, Sergei"]
[Result "1-0"]
[WhiteElo "2405"]
[BlackElo "2351"]
[PlyCount "63"]
[EventDate "2000.12.??"]
[EventType "tourn"]
[EventRounds "13"]
[EventCountry "RUS"]
[EventCategory "4"]
[SourceTitle "CBM 079 Extra"]
[Source "ChessBase"]
[SourceDate "2001.01.11"]
[SourceVersion "2"]
[SourceVersionDate "2001.01.25"]
[SourceQuality "1"]

1. e4 d6 2. d4 Nf6 3. Nc3 g6 4. f3 Bg7 5. Be3 c6 6. Qd2 b5 7. 0-0-0 0-0 8. Bh6 Bxh6 9. Qxh6 b4 10. Nce2 Qb6 11. g4 Nbd7 12. g5 Nh5 13. Ng3 Nf4 14. N1e2 Nxe2+ 15. Bxe2 Qa5 16. Kb1 Nb6 17. h4 Be6 18. d5 Nxd5 19. exd5 Bxd5 20. Rxd5 Qxd5 21. h5 Qe6 22. Bd3 f5 23. gxf6 Qxf6 24. hxg6 Qg7 25. gxh7+ Kh8 26. Qxg7+ Kxg7 27. Nf5+ Kf7 28. Nh6+ Kg7 29. Ng8 Rxg8 30. hxg8Q+ Kxg8 31. Rh7 Re8 32. Kc1 1-0

[Event "Tula-B"]
[Site "Tula"]
[Date "2000.??.??"]
[Round "7"]
[White "Boe, Mads"]
[Black "Gavritenkov, Sergei"]
[Result "1-0"]
[WhiteElo "2379"]
[BlackElo "2350"]
[PlyCount "67"]
[EventDate "2000.??.??"]
[EventType "tourn"]
[EventRounds "11"]
[EventCountry "RUS"]
[EventCategory "3"]
[SourceTitle "EXT 2001"]
[Source "ChessBase"]
[SourceDate "2000.11.22"]
[SourceVersion "1"]
[SourceVersionDate "2000.11.22"]
[SourceQuality "1"]

1. e4 e5 2. Nf3 Nc6 3. d4 exd4 4. Nxd4 Qh4 5. Nc3 Bb4 6. Ndb5 Qxe4+ 7. Be2 Bxc3+ 8. bxc3 Kd8 9. 0-0 a6 10. Nd4 Nxd4 11. cxd4 Nf6 12. c4 d6 13. c5 d5 14. Bf3 Bg4 15. Bxg4 Qxg4 16. f3 Qd7 17. Rb1 Rb8 18. Qd3 Qc6 19. Bf4 Nh5 20. Bd2 Nf6 21. Qf5 h6 22. Bf4 Qe6 23. Qc2 Qc6 24. Be5 Re8 25. Rfe1 b5 26. Qf5 Re6 27. Bxf6+ gxf6 28. Qh7 Qe8 29. Rxe6 fxe6 30. Qg7 f5 31. Re1 Rc8 32. c6 f4 33. Qf6+ Qe7 34. Qxh6 1-0